00977 a2200229 4500003000500000005001700005010001300022040000900035082001700044100002900061245008900090250002100179260004100200300002400241600002900265650004700294942001200341999001900353952012500372952012500497952012500622Nust20230504123513.0 a55011758 cNust a629.8323,VAL aVan Valkenburgh,9112099 aBasic synchros and servomechanisms in Two parts /cVan Valkenburgh, Nooger & Neville aPart.1 & Part.2  aJ.F.Rider PublisherbNew York,c1955 a111 pbilluse24 cm aVan Valkenburgh,9112099 aBasic synchros and servomechanisms9112100 2ddccBK c183953d183953 00102ddc4070aMCSbMCScGENd2016-12-12o629.8323,VALpMCS6160r2016-12-08w2016-12-12yBKzAlmirah No.74, Shelf No.8 00102ddc4070aMCSbMCScGENd2016-12-12o629.8323,VALpMCS6177r2016-12-08w2016-12-12yBKzAlmirah No.74, Shelf No.8 00102ddc4070aMCSbMCScGENd2016-12-12o629.8323,VALpMCS6182r2016-12-08w2016-12-12yBKzAlmirah No.74, Shelf No.8